Visualizzazione normale
Vista MARC
- Mario Marchiori
di Personal Name
Records bibliografici associati: 1
001 - CONTROL NUMBER
- control field: 36154
003 - CONTROL NUMBER IDENTIFIER
- control field: IT-RoPau
005 - DATE AND TIME OF LATEST TRANSACTION
- control field: 20151009223800.0
008 - FIXED-LENGTH DATA ELEMENTS
- fixed length control field: 151009|| aca||aabn | a|a d
040 ## - CATALOGING SOURCE
- Original cataloging agency: IT-RoPau
- Transcribing agency: IT-RoPau
100 ## - HEADING--PERSONAL NAME
- Personal name: Mario Marchiori
670 ## - SOURCE DATA FOUND
- Source citation: Work cat.: (IT-RoPau)34311: Mario Marchiori, "Il puma e il condor". Miti e leggende delle Ande e della Terra del Fuoco. Scelti, tradotti e commentati da Mario Marchiori